000 00792nam a22002297a 4500
001 5000
003 FISKH
005 20241031113008.0
008 241031b cb ||||| |||| 00| 0 eng d
020 _a019987053794
040 _aFISKH
_beng
_cFISKH
_dFISKH
082 _a912
100 _aBarton, Stephanie
245 _aPicture Atlas of the World /
_cby Stephanie Barton : illustrated by John Dillow
260 _aMaine :
_bLadybird Books ;
_c1992 .
300 _a45 pages :
_bcolor illustrations, maps ;
_c31 cm .
520 _aThe Ladybird Picture Atlas introduces children to the world around them and to the idea of seeing and understanding the world through maps.
650 _a maps
_vnon-fiction
700 _aDillow, John
_eillustrator
942 _2ddc
_cBK
_n0
999 _c5000
_d5000